| 000 | 00605nam a2200193Ia 4500 | ||
|---|---|---|---|
| 008 | 140626s9999 xx 000 0 und d | ||
| 100 | _aSchiffrin, Anya.. | ||
| 245 |
_aDoes training make a difference? evaluating journalism training programs in Sub-Saharan Africa / _c Anya ... [et al.].Schiffrin |
||
| 260 | _cc2011. | ||
| 300 | _a66 : 4, page 340 | ||
| 440 | _aJournalism and Mass Communication Educator | ||
| 521 | _aMC | ||
| 650 | _aCommunication. | ||
| 650 | _aJournalism. | ||
| 650 | _aMedia development. | ||
| 650 | _aSub-saharan Africa. | ||
| 650 | _aTraining/practice. | ||
| 942 | _cSE | ||
| 999 |
_c121226 _d121226 |
||